00433 a2200169 450000100060000002000060000604000240001210000190003624000190005524500140007430000070008836200090009565000310010494200070013595201040014299900170024670253 a  cAnchieta - Itaigara aRocha, Kátia10aMeu livrolpor10aMeu livro a470 a2002 4aLiteratura infanto-juvenil cBK 00104070a88.1b88.1d2023-11-21l0o028.5 ROC MEUp3509/ITAr2023-11-21 20:05:12w2023-11-21yBK c70253d70253